00716nam a22001937a 4500999001900000005001700019010001500036020002600051035001400077037001300091082001300104100001900117245005500136260004100191270011800232300003000350942002200380952012000402 c170003d17000320191210111744.0 aENG-127041 c499.00a9789353940324 aEN-110573 bDBAD/PUB a53023rd aSardana, Rahul aJEE advanced physics :cby Rahul Sardanaboptics / aNoidabPearson India Educationc2020 a15th Floor, Tower-B, World Trade Tower, Plot No.1, Block-C, Sector 16bNoida, Uttar Pradeshe201301k044-66540100 aVarious pagingc25cm(pbk) 2ddccENh530mSAR 001040708NFICaZLSbZLSd2019-12-10eDBAD/PUBg499.00l0o530 SARpEN-110573r2019-12-10 00:00:00t1v499.00yEN